000 00443nam a22001697a 4500
003 MPLRDC
005 20220104170216.0
008 210129b ||||| |||| 00| 0 eng d
020 _a0-19-638225-4
082 _a859.6 HOWE c.3
100 _aD.H. HOWE
245 _aTHE STONE JUNK AND OTHER STORIES OF EAST ASIA
_c
260 _a
_bOXFORD UNIVERSITY PR
_c1982
300 _b
650 _aCHILDREN LITERATURE
942 _cBK
_o859.6 HOWE c.3
999 _c57842
_d57832